[Event "50+ World Senior Team Championship"]
[Site "chess24.com"]
[Date "2017.04.26"]
[Round "3"]
[White "Dunn, Andrew"]
[Black "Maryasin, Boris"]
[Result "1/2-1/2"]
[Board "3"]
[WhiteElo "2190"]
[WhiteTitle "CM"]
[WhiteCountry "ENG"]
[WhiteFideId "401960"]
[WhiteEloChange "4"]
[BlackElo "2335"]
[BlackTitle "IM"]
[BlackCountry "ISR"]
[BlackFideId "2801892"]
[BlackEloChange "-4"]

1. d4 {[%clk 1:30:53]} Nf6 {[%clk 1:30:34]} 2. Nf3 {[%clk 1:30:46]} d5 {[%clk
1:29:03]} 3. e3 {[%clk 1:30:54]} Bg4 {[%clk 1:28:32]} 4. c4 {[%clk 1:30:24]} dxc4
{[%clk 1:28:36]} 5. Bxc4 {[%clk 1:30:46]} e6 {[%clk 1:29:02]} 6. h3 {[%clk
1:27:32]} Bh5 {[%clk 1:29:25]} 7. Nc3 {[%clk 1:26:39]} a6 {[%clk 1:29:32]} 8. a4
{[%clk 1:26:45]} Nc6 {[%clk 1:28:49]} 9. O-O {[%clk 1:21:10]} Bd6 {[%clk
1:28:40]} 10. Be2 {[%clk 1:12:54]} O-O {[%clk 1:28:50]} 11. Re1 {[%clk 1:04:21]}
Qe7 {[%clk 1:24:41]} 12. e4 {[%clk 1:03:59]} Bxf3 {[%clk 1:25:03]} 13. Bxf3
{[%clk 1:04:17]} e5 {[%clk 1:25:24]} 14. d5 {[%clk 1:03:00]} Nd4 {[%clk 1:25:40]}
15. Bg5 {[%clk 1:01:36]} h6 {[%clk 1:25:38]} 16. Be3 {[%clk 0:57:13]} Bc5 {[%clk
1:24:50]} 17. Be2 {[%clk 0:49:31]} Ne8 {[%clk 1:23:40]} 18. Bd3 {[%clk 0:45:40]}
Nd6 {[%clk 1:22:43]} 19. Qg4 {[%clk 0:39:00]} Kh8 {[%clk 1:15:42]} 20. Rad1
{[%clk 0:33:06]} b5 {[%clk 1:14:30]} 21. axb5 {[%clk 0:26:29]} axb5 {[%clk
1:14:30]} 22. Ne2 {[%clk 0:25:18]} Nxe2+ {[%clk 1:12:37]} 23. Rxe2 {[%clk
0:25:38]} Bxe3 {[%clk 1:12:45]} 24. Rxe3 {[%clk 0:25:59]} Ra4 {[%clk 1:12:36]}
25. Qe2 {[%clk 0:24:27]} Rb8 {[%clk 1:09:15]} 26. Rc1 {[%clk 0:24:18]} Rb4 {[%clk
1:06:01]} 27. Qd2 {[%clk 0:20:49]} Nc4 {[%clk 1:01:28]} 28. Bxc4 {[%clk 0:21:13]}
bxc4 {[%clk 1:01:53]} 29. Rc2 {[%clk 0:19:29]} Qc5 {[%clk 1:00:20]} 30. Rec3
{[%clk 0:19:29]} Qd4 {[%clk 1:00:01]} 31. Qxd4 {[%clk 0:16:40]} exd4 {[%clk
1:00:23]} 32. Rxc4 {[%clk 0:17:05]} d3 {[%clk 0:59:39]} 33. Rxb4 {[%clk 0:17:30]}
dxc2 {[%clk 0:59:20]} 34. Rc4 {[%clk 0:17:56]} Rxb2 {[%clk 0:59:43]} 35. Kh2
{[%clk 0:18:19]} f5 {[%clk 0:57:04]} 36. f3 {[%clk 0:15:33]} fxe4 {[%clk
0:55:48]} 37. fxe4 {[%clk 0:15:58]} Rb4 {[%clk 0:55:26]} 38. Rxc2 {[%clk
0:16:22]} Rxe4 {[%clk 0:55:52]} 39. Rxc7 {[%clk 0:16:47]} Rd4 {[%clk 0:56:16]}
40. Rd7 {[%clk 0:45:34]} Rd3 {[%clk 1:26:28]} 41. Rd8+ {[%clk 0:40:46]} Kh7
{[%clk 1:26:56]} 42. h4 {[%clk 0:40:07]} Kg6 {[%clk 1:26:53]} 43. g3 {[%clk
0:39:55]} Kf5 {[%clk 1:26:26]} 44. Kh3 {[%clk 0:39:18]} h5 {[%clk 1:25:58]} 45.
d6 {[%clk 0:38:23]} Ke6 {[%clk 1:25:24]} 46. Re8+ {[%clk 0:33:48]} Kf6 {[%clk
1:25:21]} 47. Rh8 {[%clk 0:33:22]} g6 {[%clk 1:25:20]} 48. Rd8 {[%clk 0:33:45]}
Ke6 {[%clk 1:25:35]} 1/2-1/2

[Event "50+ World Senior Team Championship"]
[Site "chess24.com"]
[Date "2017.04.26"]
[Round "3"]
[White "Jakel, Wolfgang"]
[Black "Denk, Adolf"]
[Result "0-1"]
[Board "2"]
[WhiteElo "2218"]
[WhiteCountry "GER"]
[WhiteFideId "4625676"]
[WhiteEloChange "-9"]
[BlackElo "2268"]
[BlackTitle "FM"]
[BlackCountry "AUT"]
[BlackFideId "1600990"]
[BlackEloChange "9"]

1. e4 {[%clk 1:30:30]} c5 {[%clk 1:30:30]} 2. Nf3 {[%clk 1:30:30]} e6 {[%clk
1:30:30]} 3. d4 {[%clk 1:30:30]} cxd4 {[%clk 1:30:30]} 4. Nxd4 {[%clk 1:30:30]}
a6 {[%clk 1:30:30]} 5. c4 {[%clk 1:30:30]} Nf6 {[%clk 1:30:30]} 6. Nc3 {[%clk
1:30:30]} Qc7 {[%clk 1:30:30]} 7. Be2 {[%clk 1:30:30]} d6 {[%clk 1:30:30]} 8. O-O
{[%clk 1:30:30]} Be7 {[%clk 1:30:30]} 9. Be3 {[%clk 1:30:30]} O-O {[%clk
1:30:30]} 10. Rc1 {[%clk 1:30:30]} Nbd7 {[%clk 1:30:30]} 11. f3 {[%clk 1:30:30]}
b6 {[%clk 1:30:30]} 12. Qd2 {[%clk 1:30:30]} Bb7 {[%clk 1:30:30]} 13. Rfd1 {[%clk
1:30:30]} Rfe8 {[%clk 1:30:30]} 14. Bf1 {[%clk 1:30:30]} Rac8 {[%clk 1:30:30]}
15. Bf2 {[%clk 1:30:30]} Bf8 {[%clk 1:30:30]} 16. Nc2 {[%clk 1:30:30]} Ne5 {[%clk
1:30:30]} 17. Ne3 {[%clk 1:30:30]} Nfd7 {[%clk 1:30:30]} 18. Bg3 {[%clk 1:30:30]}
Qb8 {[%clk 1:30:30]} 19. Qf2 {[%clk 1:30:30]} Rc7 {[%clk 1:30:30]} 20. Kh1 {[%clk
1:30:30]} Bc6 {[%clk 1:30:30]} 21. Ne2 {[%clk 1:30:30]} Nf6 {[%clk 1:30:30]} 22.
Bh4 {[%clk 1:30:30]} Kh8 {[%clk 1:30:30]} 23. Nd4 {[%clk 1:30:30]} Bb7 {[%clk
1:30:30]} 24. Rc3 {[%clk 1:30:30]} Nfd7 {[%clk 1:30:30]} 25. Bg3 {[%clk 1:30:30]}
Nc5 {[%clk 1:30:30]} 26. Rcc1 {[%clk 1:30:30]} Qa8 {[%clk 1:30:30]} 27. b4 {[%clk
1:30:30]} Ncd7 {[%clk 1:30:30]} 28. Qb2 {[%clk 1:30:30]} Kg8 {[%clk 1:30:30]} 29.
a3 {[%clk 1:30:30]} g5 {[%clk 1:30:30]} 30. Qd2 {[%clk 1:30:30]} h6 {[%clk
1:30:30]} 31. h3 {[%clk 1:30:30]} Nf6 {[%clk 1:30:30]} 32. Ng4 {[%clk 1:30:30]}
Nfxg4 {[%clk 1:30:30]} 33. hxg4 {[%clk 1:30:30]} Rec8 {[%clk 1:30:30]} 34. f4
{[%clk 1:30:30]} gxf4 {[%clk 1:30:30]} 35. Bxf4 {[%clk 1:30:30]} Nxg4 {[%clk
1:30:30]} 36. Be2 {[%clk 1:30:30]} Nf2+ {[%clk 1:30:30]} 37. Kg1 {[%clk 1:30:30]}
Nxe4 {[%clk 1:30:30]} 38. Qe3 {[%clk 1:30:30]} e5 {[%clk 1:30:30]} 39. Bxh6
{[%clk 1:30:30]} exd4 {[%clk 1:30:30]} 40. Rxd4 {[%clk 1:30:30]} f5 {[%clk
1:30:30]} 41. Rf1 {[%clk 1:30:30]} Rf7 {[%clk 1:30:30]} 42. g4 {[%clk 1:30:30]}
f4 {[%clk 1:30:30]} 43. Bxf4 {[%clk 1:30:30]} Bg7 {[%clk 1:30:30]} 44. Bd3 {[%clk
1:30:30]} Re8 {[%clk 1:30:30]} 45. Bh6 {[%clk 1:30:30]} Nf2 {[%clk 1:30:30]} 46.
Qg5 {[%clk 1:30:30]} 0-1

[Event "50+ World Senior Team Championship"]
[Site "chess24.com"]
[Date "2017.04.26"]
[Round "3"]
[White "Druckenthaner, Andreas"]
[Black "Hoehn, Michael"]
[Result "1-0"]
[Board "3"]
[WhiteElo "2258"]
[WhiteTitle "FM"]
[WhiteCountry "AUT"]
[WhiteFideId "1600567"]
[WhiteEloChange "5"]
[BlackElo "2052"]
[BlackCountry "GER"]
[BlackFideId "4622693"]
[BlackEloChange "-5"]

1. e4 {[%clk 1:30:30]} d6 {[%clk 1:30:30]} 2. d4 {[%clk 1:30:30]} e5 {[%clk
1:30:30]} 3. Nf3 {[%clk 1:30:30]} exd4 {[%clk 1:30:30]} 4. Nxd4 {[%clk 1:30:30]}
Nf6 {[%clk 1:30:30]} 5. Nc3 {[%clk 1:30:30]} Be7 {[%clk 1:30:30]} 6. Be2 {[%clk
1:30:30]} O-O {[%clk 1:30:30]} 7. O-O {[%clk 1:30:30]} d5 {[%clk 1:30:30]} 8.
exd5 {[%clk 1:30:30]} Nxd5 {[%clk 1:30:30]} 9. Nxd5 {[%clk 1:30:30]} Qxd5 {[%clk
1:30:30]} 10. Bf3 {[%clk 1:30:30]} Qc4 {[%clk 1:30:30]} 11. Qe2 {[%clk 1:30:30]}
Qxe2 {[%clk 1:30:30]} 12. Nxe2 {[%clk 1:30:30]} Bf6 {[%clk 1:30:30]} 13. Nf4
{[%clk 1:30:30]} c6 {[%clk 1:30:30]} 14. Nh5 {[%clk 1:30:30]} Be5 {[%clk
1:30:30]} 15. Re1 {[%clk 1:30:30]} f6 {[%clk 1:30:30]} 16. c3 {[%clk 1:30:30]} g6
{[%clk 1:30:30]} 17. Nf4 {[%clk 1:30:30]} g5 {[%clk 1:30:30]} 18. Nd3 {[%clk
1:30:30]} Bd6 {[%clk 1:30:30]} 19. Be3 {[%clk 1:30:30]} Bf5 {[%clk 1:30:30]} 20.
Rad1 {[%clk 1:30:30]} Na6 {[%clk 1:30:30]} 21. Be2 {[%clk 1:30:30]} Rfd8 {[%clk
1:30:30]} 22. Nc1 {[%clk 1:30:30]} Nc7 {[%clk 1:30:30]} 23. Nb3 {[%clk 1:30:30]}
Bc2 {[%clk 1:30:30]} 24. Bc4+ {[%clk 1:30:30]} Kg7 {[%clk 1:30:30]} 25. Rd2
{[%clk 1:30:30]} Bxb3 {[%clk 1:30:30]} 26. Bxb3 {[%clk 1:30:30]} b6 {[%clk
1:30:30]} 27. Red1 {[%clk 1:30:30]} Ne8 {[%clk 1:30:30]} 28. Bc2 {[%clk 1:30:30]}
h5 {[%clk 1:30:30]} 29. Be4 {[%clk 1:30:30]} Rac8 {[%clk 1:30:30]} 30. g3 {[%clk
1:30:30]} Kf7 {[%clk 1:30:30]} 31. Kg2 {[%clk 1:30:30]} Ke7 {[%clk 1:30:30]} 32.
Bf5 {[%clk 1:30:30]} Rb8 {[%clk 1:30:30]} 33. Re1 {[%clk 1:30:30]} Kf7 {[%clk
1:30:30]} 34. Bc2 {[%clk 1:30:30]} Be5 {[%clk 1:30:30]} 35. Bb3+ {[%clk 1:30:30]}
Kg7 {[%clk 1:30:30]} 36. Rxd8 {[%clk 1:30:30]} Rxd8 {[%clk 1:30:30]} 37. Bxg5
{[%clk 1:30:30]} Bxc3 {[%clk 1:30:30]} 38. Re7+ {[%clk 1:30:30]} Kg6 {[%clk
1:30:30]} 39. Bc1 {[%clk 1:30:30]} Bb4 {[%clk 1:30:30]} 40. Bf7+ {[%clk 1:30:30]}
Kg7 {[%clk 1:30:30]} 41. Rxa7 {[%clk 1:30:30]} Kh8 {[%clk 1:30:30]} 42. Bxh5
{[%clk 1:30:30]} Ng7 {[%clk 1:30:30]} 43. Bf3 {[%clk 1:30:30]} Rc8 {[%clk
1:30:30]} 44. Be3 {[%clk 1:30:30]} c5 {[%clk 1:30:30]} 45. a3 {[%clk 1:30:30]}
Ba5 {[%clk 1:30:30]} 46. Bh6 {[%clk 1:30:30]} Nf5 {[%clk 1:30:30]} 47. Bg4 {[%clk
1:30:30]} 1-0

[Event "50+ World Senior Team Championship"]
[Site "chess24.com"]
[Date "2017.04.26"]
[Round "3"]
[White "Wolff, Peter"]
[Black "Ernst, Michael"]
[Result "1/2-1/2"]
[Board "4"]
[WhiteElo "1963"]
[WhiteCountry "GER"]
[WhiteFideId "4655613"]
[WhiteEloChange "5"]
[BlackElo "2141"]
[BlackCountry "AUT"]
[BlackFideId "1618393"]
[BlackEloChange "-5"]

1. c4 {[%clk 1:30:58]} e6 {[%clk 1:30:55]} 2. g3 {[%clk 1:31:23]} Nf6 {[%clk
1:31:09]} 3. Bg2 {[%clk 1:31:47]} d5 {[%clk 1:31:33]} 4. Nf3 {[%clk 1:32:11]}
dxc4 {[%clk 1:31:52]} 5. Qa4+ {[%clk 1:32:32]} Nbd7 {[%clk 1:31:42]} 6. Qxc4
{[%clk 1:32:51]} a6 {[%clk 1:30:58]} 7. Qb3 {[%clk 1:33:07]} Rb8 {[%clk 1:29:30]}
8. O-O {[%clk 1:32:58]} b5 {[%clk 1:28:40]} 9. a4 {[%clk 1:24:50]} Bb7 {[%clk
1:20:07]} 10. axb5 {[%clk 1:24:30]} axb5 {[%clk 1:20:30]} 11. d3 {[%clk 1:22:56]}
Bd6 {[%clk 1:20:11]} 12. Bf4 {[%clk 0:59:23]} e5 {[%clk 1:11:51]} 13. Bg5 {[%clk
0:47:55]} O-O {[%clk 1:10:00]} 14. Rc1 {[%clk 0:40:10]} h6 {[%clk 1:06:57]} 15.
Bxf6 {[%clk 0:36:14]} Nxf6 {[%clk 1:06:15]} 16. e4 {[%clk 0:33:12]} c5 {[%clk
0:55:22]} 17. Nbd2 {[%clk 0:29:36]} Qb6 {[%clk 0:53:04]} 18. Nc4 {[%clk 0:25:27]}
Qc7 {[%clk 0:50:06]} 19. Nxd6 {[%clk 0:18:58]} Qxd6 {[%clk 0:50:33]} 20. Qc3
{[%clk 0:18:26]} c4 {[%clk 0:44:31]} 21. dxc4 {[%clk 0:16:27]} bxc4 {[%clk
0:36:13]} 1/2-1/2

[Event "50+ World Senior Team Championship"]
[Site "chess24.com"]
[Date "2017.04.26"]
[Round "3"]
[White "Wagner-Michel, Annett"]
[Black "Bogumil, Tatiana"]
[Result "0-1"]
[Board "2"]
[WhiteElo "2124"]
[WhiteTitle "WIM"]
[WhiteCountry "GER"]
[WhiteFideId "4612205"]
[WhiteEloChange "-9"]
[BlackElo "2173"]
[BlackTitle "WGM"]
[BlackCountry "RUS"]
[BlackFideId "4110579"]
[BlackEloChange "9"]

1. e4 {[%clk 1:30:57]} e6 {[%clk 1:30:53]} 2. d4 {[%clk 1:31:18]} d5 {[%clk
1:31:14]} 3. Nd2 {[%clk 1:31:00]} dxe4 {[%clk 1:28:47]} 4. Nxe4 {[%clk 1:31:27]}
Bd7 {[%clk 1:28:28]} 5. Nf3 {[%clk 1:30:29]} Bc6 {[%clk 1:28:51]} 6. Bd3 {[%clk
1:30:18]} Bxe4 {[%clk 1:24:18]} 7. Bxe4 {[%clk 1:30:44]} c6 {[%clk 1:24:45]} 8.
O-O {[%clk 1:26:51]} Nf6 {[%clk 1:25:06]} 9. Bd3 {[%clk 1:23:45]} Be7 {[%clk
1:24:00]} 10. c3 {[%clk 1:22:56]} Nbd7 {[%clk 1:24:03]} 11. Re1 {[%clk 1:20:31]}
Qc7 {[%clk 1:22:41]} 12. Bg5 {[%clk 1:17:39]} h6 {[%clk 1:21:28]} 13. Bh4 {[%clk
1:18:00]} Bd6 {[%clk 1:20:53]} 14. Bg3 {[%clk 1:04:11]} Bxg3 {[%clk 1:20:55]} 15.
hxg3 {[%clk 1:04:39]} c5 {[%clk 1:14:05]} 16. Bb5 {[%clk 0:44:04]} cxd4 {[%clk
1:09:55]} 17. Qxd4 {[%clk 0:38:39]} O-O {[%clk 1:08:12]} 18. Bxd7 {[%clk
0:38:13]} Nxd7 {[%clk 1:02:54]} 19. Rad1 {[%clk 0:37:17]} Nf6 {[%clk 1:01:42]}
20. Qa4 {[%clk 0:34:51]} a6 {[%clk 0:58:46]} 21. Rd4 {[%clk 0:28:08]} b5 {[%clk
0:57:59]} 22. Qb3 {[%clk 0:27:29]} Rfd8 {[%clk 0:50:33]} 23. Red1 {[%clk
0:25:54]} Rxd4 {[%clk 0:46:37]} 24. Rxd4 {[%clk 0:26:00]} e5 {[%clk 0:46:18]} 25.
Rd2 {[%clk 0:24:02]} e4 {[%clk 0:45:42]} 26. Nd4 {[%clk 0:20:32]} e3 {[%clk
0:44:48]} 27. fxe3 {[%clk 0:18:06]} Qxg3 {[%clk 0:44:23]} 28. Re2 {[%clk
0:15:17]} Ng4 {[%clk 0:38:57]} 29. Nf3 {[%clk 0:13:58]} Rd8 {[%clk 0:37:56]} 30.
Qc2 {[%clk 0:13:22]} Ne5 {[%clk 0:25:52]} 31. Nxe5 {[%clk 0:11:38]} Qxe5 {[%clk
0:26:16]} 32. e4 {[%clk 0:08:03]} Rd6 {[%clk 0:22:58]} 33. a4 {[%clk 0:06:54]}
Qc5+ {[%clk 0:22:28]} 34. Kh2 {[%clk 0:04:38]} Re6 {[%clk 0:18:34]} 35. axb5
{[%clk 0:04:21]} axb5 {[%clk 0:18:58]} 36. Qd3 {[%clk 0:03:41]} Re5 {[%clk
0:15:21]} 37. Re3 {[%clk 0:02:47]} Qe7 {[%clk 0:15:19]} 38. g3 {[%clk 0:02:58]}
f5 {[%clk 0:15:13]} 39. c4 {[%clk 0:02:20]} b4 {[%clk 0:07:43]} 40. Qb3 {[%clk
0:31:54]} Kh7 {[%clk 0:36:48]} 41. Qd1 {[%clk 0:24:33]} f4 {[%clk 0:25:08]} 42.
gxf4 {[%clk 0:19:03]} Qh4+ {[%clk 0:25:25]} 43. Kg2 {[%clk 0:18:55]} Qxf4 {[%clk
0:25:15]} 44. Qf3 {[%clk 0:16:52]} Rg5+ {[%clk 0:25:24]} 45. Kh1 {[%clk 0:12:51]}
Qe5 {[%clk 0:21:52]} 46. Re2 {[%clk 0:12:15]} Qd4 {[%clk 0:21:06]} 47. Rg2 {[%clk
0:12:16]} Rxg2 {[%clk 0:18:21]} 48. Qxg2 {[%clk 0:10:31]} Qxc4 {[%clk 0:18:43]}
49. Kh2 {[%clk 0:09:09]} Qc7+ {[%clk 0:17:21]} 50. Kh3 {[%clk 0:09:18]} Qd7+
{[%clk 0:17:20]} 51. Kg3 {[%clk 0:09:34]} Qd6+ {[%clk 0:12:18]} 52. Kf3 {[%clk
0:07:52]} Qe5 {[%clk 0:12:13]} 53. Qd2 {[%clk 0:05:50]} Qh5+ {[%clk 0:11:15]} 54.
Kg3 {[%clk 0:04:00]} Qg5+ {[%clk 0:07:33]} 55. Qxg5 {[%clk 0:04:24]} hxg5 {[%clk
0:08:00]} 56. Kf3 {[%clk 0:02:08]} Kg6 {[%clk 0:08:20]} 57. Ke3 {[%clk 0:02:05]}
Kf6 {[%clk 0:08:23]} 58. Kd4 {[%clk 0:02:08]} Ke6 {[%clk 0:08:33]} 59. Kc4 {[%clk
0:01:05]} g4 {[%clk 0:08:52]} 0-1

[Event "50+ World Senior Team Championship"]
[Site "chess24.com"]
[Date "2017.04.26"]
[Round "3"]
[White "Fatalibekova, Elena"]
[Black "Wolf, Sylvia"]
[Result "1-0"]
[Board "3"]
[WhiteElo "2254"]
[WhiteTitle "WGM"]
[WhiteCountry "RUS"]
[WhiteFideId "4106792"]
[WhiteEloChange "5"]
[BlackElo "2068"]
[BlackTitle "WFM"]
[BlackCountry "GER"]
[BlackFideId "4612701"]
[BlackEloChange "-5"]

1. Nf3 {[%clk 1:30:55]} c5 {[%clk 1:30:39]} 2. c4 {[%clk 1:30:44]} Nf6 {[%clk
1:30:54]} 3. d4 {[%clk 1:29:55]} cxd4 {[%clk 1:30:13]} 4. Nxd4 {[%clk 1:30:23]}
Nc6 {[%clk 1:27:08]} 5. Nc3 {[%clk 1:29:05]} g6 {[%clk 1:25:00]} 6. e4 {[%clk
1:29:11]} Nxd4 {[%clk 1:24:55]} 7. Qxd4 {[%clk 1:29:37]} d6 {[%clk 1:23:01]} 8.
Be2 {[%clk 1:29:13]} Bg7 {[%clk 1:23:13]} 9. Be3 {[%clk 1:29:17]} O-O {[%clk
1:22:13]} 10. Qd2 {[%clk 1:29:35]} Bd7 {[%clk 1:14:39]} 11. O-O {[%clk 1:29:32]}
Bc6 {[%clk 1:13:43]} 12. f3 {[%clk 1:29:54]} a5 {[%clk 1:11:53]} 13. Rfd1 {[%clk
1:26:52]} Nd7 {[%clk 1:07:24]} 14. Nd5 {[%clk 1:21:37]} Bxd5 {[%clk 1:06:05]} 15.
cxd5 {[%clk 1:22:01]} Nc5 {[%clk 1:02:48]} 16. Rac1 {[%clk 1:22:13]} Qb6 {[%clk
0:49:47]} 17. b3 {[%clk 1:21:08]} Qb4 {[%clk 0:43:05]} 18. Rc2 {[%clk 1:21:02]}
Qxd2 {[%clk 0:43:05]} 19. Rdxd2 {[%clk 1:20:56]} b6 {[%clk 0:36:17]} 20. Bb5
{[%clk 1:16:28]} f5 {[%clk 0:32:48]} 21. exf5 {[%clk 1:15:52]} Rxf5 {[%clk
0:30:48]} 22. Rd1 {[%clk 1:09:48]} Be5 {[%clk 0:23:06]} 23. Be2 {[%clk 1:07:16]}
Raf8 {[%clk 0:21:09]} 24. g3 {[%clk 1:06:11]} Bg7 {[%clk 0:17:46]} 25. f4 {[%clk
1:05:55]} Kh8 {[%clk 0:13:30]} 26. Bg4 {[%clk 1:05:09]} h5 {[%clk 0:12:15]} 27.
Bxf5 {[%clk 1:05:22]} gxf5 {[%clk 0:12:43]} 28. Rb1 {[%clk 1:02:02]} Ra8 {[%clk
0:10:59]} 29. Kg2 {[%clk 0:55:56]} Bf6 {[%clk 0:10:02]} 30. b4 {[%clk 0:55:19]}
axb4 {[%clk 0:09:32]} 31. Rxb4 {[%clk 0:55:43]} Ra6 {[%clk 0:09:15]} 32. Bd4
{[%clk 0:55:17]} Kg7 {[%clk 0:06:59]} 33. Bxf6+ {[%clk 0:55:18]} Kxf6 {[%clk
0:07:25]} 34. Re2 {[%clk 0:48:20]} Na4 {[%clk 0:05:29]} 35. Re6+ {[%clk 0:47:45]}
Kf7 {[%clk 0:05:58]} 36. Re3 {[%clk 0:48:14]} Nc5 {[%clk 0:05:51]} 37. a3 {[%clk
0:48:34]} Nd7 {[%clk 0:05:23]} 38. Rb5 {[%clk 0:48:02]} Ra5 {[%clk 0:04:06]} 39.
Rxa5 {[%clk 0:47:49]} bxa5 {[%clk 0:04:36]} 40. Rb3 {[%clk 1:17:34]} Nc5 {[%clk
0:34:17]} 41. Rb5 {[%clk 1:17:29]} a4 {[%clk 0:32:03]} 42. Kh3 {[%clk 1:15:22]}
Ne4 {[%clk 0:26:29]} 43. Ra5 {[%clk 1:11:09]} Nc3 {[%clk 0:26:40]} 44. Kg2 {[%clk
1:11:24]} Kf6 {[%clk 0:24:43]} 45. Kf3 {[%clk 1:11:42]} e5 {[%clk 0:21:52]} 46.
dxe6 {[%clk 1:12:06]} Kxe6 {[%clk 0:22:21]} 47. Ke3 {[%clk 1:12:16]} Ne4 {[%clk
0:13:31]} 48. Rxa4 {[%clk 1:12:28]} Kd5 {[%clk 0:13:44]} 49. Rd4+ {[%clk
1:10:09]} Kc5 {[%clk 0:13:57]} 50. Rxe4 {[%clk 1:07:17]} fxe4 {[%clk 0:14:23]}
51. f5 {[%clk 1:07:14]} 1-0

[Event "50+ World Senior Team Championship"]
[Site "chess24.com"]
[Date "2017.04.26"]
[Round "3"]
[White "Heyme, Sibylle"]
[Black "Sazonova, Elena N."]
[Result "1/2-1/2"]
[Board "4"]
[WhiteElo "2013"]
[WhiteCountry "GER"]
[WhiteFideId "4624084"]
[WhiteEloChange "3"]
[BlackElo "2119"]
[BlackTitle "WIM"]
[BlackCountry "RUS"]
[BlackFideId "4109767"]
[BlackEloChange "-3"]

1. e4 {[%clk 1:29:52]} c5 {[%clk 1:30:53]} 2. Nf3 {[%clk 1:29:50]} d6 {[%clk
1:31:17]} 3. d4 {[%clk 1:30:06]} cxd4 {[%clk 1:31:41]} 4. Nxd4 {[%clk 1:30:22]}
Nf6 {[%clk 1:32:05]} 5. Nc3 {[%clk 1:30:07]} a6 {[%clk 1:32:31]} 6. Bg5 {[%clk
1:29:42]} Nbd7 {[%clk 1:32:36]} 7. Qd2 {[%clk 1:28:01]} h6 {[%clk 1:30:09]} 8.
Bh4 {[%clk 1:27:13]} e6 {[%clk 1:27:36]} 9. Qe2 {[%clk 1:04:53]} Qc7 {[%clk
1:20:26]} 10. O-O-O {[%clk 1:02:00]} g5 {[%clk 1:10:12]} 11. Bg3 {[%clk 0:59:44]}
Ne5 {[%clk 1:10:36]} 12. h4 {[%clk 0:46:43]} g4 {[%clk 1:07:50]} 13. f4 {[%clk
0:46:53]} gxf3 {[%clk 1:01:28]} 14. gxf3 {[%clk 0:47:06]} h5 {[%clk 0:58:56]} 15.
Kb1 {[%clk 0:46:05]} Bd7 {[%clk 0:52:32]} 16. Bf2 {[%clk 0:33:32]} O-O-O {[%clk
0:45:23]} 17. Rg1 {[%clk 0:33:21]} Bh6 {[%clk 0:40:14]} 18. Be3 {[%clk 0:32:45]}
Bxe3 {[%clk 0:40:11]} 19. Qxe3 {[%clk 0:33:13]} Rdg8 {[%clk 0:39:31]} 20. Rg5
{[%clk 0:28:30]} Ng6 {[%clk 0:36:03]} 21. Qf2 {[%clk 0:28:05]} Kb8 {[%clk
0:35:10]} 22. Nb3 {[%clk 0:25:11]} e5 {[%clk 0:31:36]} 23. Nc1 {[%clk 0:21:06]}
Rc8 {[%clk 0:28:11]} 24. Nd3 {[%clk 0:21:21]} Be6 {[%clk 0:27:32]} 25. Nb4 {[%clk
0:20:32]} Qc5 {[%clk 0:25:01]} 26. Qxc5 {[%clk 0:20:46]} dxc5 {[%clk 0:25:26]}
27. Nd3 {[%clk 0:21:10]} Nd7 {[%clk 0:25:39]} 28. Be2 {[%clk 0:20:44]} c4 {[%clk
0:14:50]} 29. Nb4 {[%clk 0:19:50]} Nxh4 {[%clk 0:15:04]} 30. Rh1 {[%clk 0:19:09]}
Ng6 {[%clk 0:15:28]} 31. Rgxh5 {[%clk 0:19:07]} Rxh5 {[%clk 0:15:50]} 32. Rxh5
{[%clk 0:19:24]} Nf4 {[%clk 0:16:13]} 33. Rh2 {[%clk 0:14:34]} Nb6 {[%clk
0:15:54]} 34. a3 {[%clk 0:14:12]} Rg8 {[%clk 0:15:29]} 35. Bd1 {[%clk 0:12:29]}
a5 {[%clk 0:13:36]} 36. Nba2 {[%clk 0:12:57]} Rd8 {[%clk 0:13:32]} 37. Kc1 {[%clk
0:11:59]} Nc8 {[%clk 0:11:48]} 38. Ne2 {[%clk 0:11:00]} Nxe2+ {[%clk 0:11:23]}
39. Bxe2 {[%clk 0:11:28]} Ne7 {[%clk 0:11:40]} 40. Nc3 {[%clk 0:41:18]} Kc7
{[%clk 0:41:06]} 41. Rh7 {[%clk 0:41:18]} Kc6 {[%clk 0:41:06]} 42. a4 {[%clk
0:41:18]} b6 {[%clk 0:41:06]} 43. Bd1 {[%clk 0:41:18]} Ng6 {[%clk 0:41:06]} 44.
Nd5 {[%clk 0:23:22]} Bxd5 {[%clk 0:41:06]} 45. exd5+ {[%clk 0:23:22]} Kxd5 {[%clk
0:41:06]} 46. Rxf7 {[%clk 0:23:22]} Nf4 {[%clk 0:41:06]} 47. Rf6 {[%clk 0:23:22]}
Kc5 {[%clk 0:41:06]} 48. Rh6 {[%clk 0:23:22]} Rd4 {[%clk 0:41:06]} 49. Rh8 {[%clk
0:23:22]} Rd6 {[%clk 0:41:06]} 50. Rc8+ {[%clk 0:23:22]} Kd5 {[%clk 0:41:06]} 51.
Kd2 {[%clk 0:23:22]} Ke6+ {[%clk 0:41:06]} 52. Kc1 {[%clk 0:23:22]} Kd5 {[%clk
0:41:06]} 53. Kd2 {[%clk 0:23:22]} 1/2-1/2

[Event "50+ World Senior Team Championship"]
[Site "chess24.com"]
[Date "2017.04.26"]
[Round "3"]
[White "Kivimaki, Jaakko"]
[Black "Olsson, Lars F"]
[Result "1/2-1/2"]
[Board "4"]
[WhiteElo "2135"]
[WhiteCountry "FIN"]
[WhiteFideId "501921"]
[WhiteEloChange "-5"]
[BlackElo "1930"]
[BlackCountry "SWE"]
[BlackFideId "1701932"]
[BlackEloChange "5"]

1. d4 {[%clk 1:30:52]} Nf6 {[%clk 1:30:54]} 2. Nf3 {[%clk 1:31:18]} g6 {[%clk
1:31:19]} 3. Bf4 {[%clk 1:30:50]} Bg7 {[%clk 1:30:59]} 4. e3 {[%clk 1:31:07]} O-O
{[%clk 1:29:42]} 5. h3 {[%clk 1:30:52]} d6 {[%clk 1:27:34]} 6. Nbd2 {[%clk
1:30:33]} c6 {[%clk 1:21:46]} 7. Be2 {[%clk 1:29:42]} a5 {[%clk 1:21:50]} 8. a4
{[%clk 1:29:14]} Na6 {[%clk 1:21:58]} 9. O-O {[%clk 1:28:32]} h6 {[%clk 1:18:29]}
10. c3 {[%clk 1:26:56]} Nc7 {[%clk 1:07:56]} 11. Qb3 {[%clk 1:23:36]} Be6 {[%clk
1:02:23]} 12. Bc4 {[%clk 1:14:08]} Nfd5 {[%clk 1:00:01]} 13. Bg3 {[%clk 1:08:48]}
b5 {[%clk 1:00:07]} 14. Bxd5 {[%clk 1:08:14]} Nxd5 {[%clk 0:59:11]} 15. Qc2
{[%clk 1:07:50]} Qb6 {[%clk 0:58:50]} 1/2-1/2

[Event "50+ World Senior Team Championship"]
[Site "chess24.com"]
[Date "2017.04.27"]
[Round "4"]
[White "Ivanov, Sergey"]
[Black "Minasian, Artashes"]
[Result "1/2-1/2"]
[Board "2"]
[WhiteElo "2530"]
[WhiteTitle "GM"]
[WhiteCountry "RUS"]
[WhiteFideId "4101375"]
[WhiteEloChange "-1"]
[BlackElo "2480"]
[BlackTitle "GM"]
[BlackCountry "ARM"]
[BlackFideId "13300040"]
[BlackEloChange "1"]

1. d4 {[%clk 1:30:54]} g6 {[%clk 1:30:51]} 2. c4 {[%clk 1:30:47]} c5 {[%clk
1:31:10]} 3. d5 {[%clk 1:30:08]} Bg7 {[%clk 1:31:35]} 4. e4 {[%clk 1:30:11]} d6
{[%clk 1:31:58]} 5. Nc3 {[%clk 1:30:20]} Nf6 {[%clk 1:32:22]} 6. Bd3 {[%clk
1:30:32]} O-O {[%clk 1:32:45]} 7. h3 {[%clk 1:30:47]} Na6 {[%clk 1:32:39]} 8. Nf3
{[%clk 1:30:55]} Nc7 {[%clk 1:29:34]} 9. Bg5 {[%clk 1:29:10]} a6 {[%clk 1:26:49]}
10. a4 {[%clk 1:29:08]} b6 {[%clk 1:26:39]} 11. O-O {[%clk 1:24:22]} Bd7 {[%clk
1:25:53]} 12. e5 {[%clk 1:17:48]} dxe5 {[%clk 1:21:46]} 13. Nxe5 {[%clk 1:17:54]}
Nfe8 {[%clk 1:05:01]} 14. Ng4 {[%clk 1:12:04]} f6 {[%clk 0:52:55]} 15. Bd2 {[%clk
0:55:30]} f5 {[%clk 0:51:49]} 16. Nh2 {[%clk 0:49:33]} a5 {[%clk 0:46:53]}
1/2-1/2